Zadní pokoj /
Detektivní román ze série s komisařem Williamem Wistingem, který je tentokrát povolán, aby vedl tajné vyšetřování, které se týká zemřelého politika.
Uloženo v:
| Série: | William Wisting,
část 13 |
|---|---|
| Hlavní autor: | |
| Další autoři: | |
| Médium: | E-kniha |
| Jazyk: | Czech |
| Vydáno: |
Praha :
Kniha Zlin,
2021
|
| Vydání: | Vydání první |
| Edice: | Thrill
|
| Témata: | |
| Příbuzné jednotky: | Z cyklu::
William Wisting |
| Tagy: |
Žádné tagy |
| LEADER | 02514cam a2200481 i 4500 | ||
|---|---|---|---|
| 001 | 312185 | ||
| 003 | CZ PrSKC | ||
| 005 | 20260601215718.0 | ||
| 007 | ta | ||
| 008 | 210226s2021 xr e 000 f cze d | ||
| 015 | |a cnb003310235 | ||
| 020 | |a 9788076621053 |q (vázáno) : |c Kč 399,00 | ||
| 035 | |a (OCoLC)1250249857 | ||
| 040 | |a CBA001 |b cze |d ABG001 |d ABA001 |e rda | ||
| 041 | 1 | |a cze |h nor | |
| 072 | 7 | |a 821.11 |x Germánské literatury |2 Konspekt | |
| 080 | |a 821.113.5-31 |2 MRF | ||
| 080 | |a (0:82-312.4) |2 MRF | ||
| 100 | 1 | |a Horst, Jørn Lier, |d 1970- |7 xx0183412 |4 aut | |
| 240 | 1 | 0 | |a Innerste rommet. |l Česky |
| 245 | 1 | 0 | |a Zadní pokoj / |c Jørn Lier Horst ; přeložila Kateřina Krištůfková |
| 250 | |a Vydání první | ||
| 264 | 1 | |a Praha : |b Kniha Zlin, |c 2021 | |
| 300 | |a 361 stran ; |c 21 cm | ||
| 336 | |a text |b txt |2 rdacontent | ||
| 337 | |a bez média |b n |2 rdamedia | ||
| 338 | |a svazek |b nc |2 rdacarrier | ||
| 490 | 1 | |a Thrill ; |v svazek 37 | |
| 500 | |a Přeloženo z norštiny | ||
| 520 | 2 | |a Detektivní román ze série s komisařem Williamem Wistingem, který je tentokrát povolán, aby vedl tajné vyšetřování, které se týká zemřelého politika. |b Na chatě bývalého ministra zdravotnictví a zahraničí Bernharda Clausena se našla pozůstalost neslučitelná s obrazem bezúhonného politika. V sázce mohou být i národní zájmy. Během utajeného pátrání se vynoří stopy vedoucí k případu zmizelého rybáře u jezera Gjersjo, který vyšetřuje Adrian Stiller, kriminalista z oddělení dlouhodobě nevyřešených případů. William Wisting s ním chtě nechtě musí opět spolupracovat. Nakladatelská anotace. | |
| 655 | 7 | |a norské romány |7 fd132917 |2 czenas | |
| 655 | 7 | |a detektivní romány |7 fd132010 |2 czenas | |
| 655 | 9 | |a Norwegian fiction |2 eczenas | |
| 655 | 9 | |a detective novels |2 eczenas | |
| 700 | 1 | |a Krištůfková, Kateřina, |d 1974- |7 js20030929005 |4 trl | |
| 787 | 0 | 8 | |i Z cyklu: |t William Wisting |g 13 |
| 830 | 0 | |a Thrill | |
| 900 | |a ABA001 |b 20 | ||
| 928 | 9 | |a Albatros Media - Kniha Zlin | |
| 044 | |a xr | ||
| 910 | |a RBIT002 | ||
| 998 | |d 391239 |a https://core.palmknihy.cz/api/books/391239/cover?s3vn8l |b https://core.palmknihy.cz/api/books/391239/cover/400?s3vn8l |c https://core.palmknihy.cz/api/books/391239/cover/50?s3vn8l |e 2029-12-12 |g 368 |i 9788076621053 |j https://core.palmknihy.cz/api/books/391239/preview.epub |k https://core.palmknihy.cz/api/books/391239/preview.pdf |l |q 49 |r 1 |s https://www.palmknihy.cz/kniha/391239 |t ebook |y 2021 |z 0 | ||
| 999 | |d 312183 | ||